Random Capitals to country ( hard edition) - Statistics

General Stats
  • This quiz has been taken 38 times
  • The average score is 7 of 9
Answer Stats
Hint Answer % Correct
Liechtenstein Vaduz
97%
Slovenia Ljubljana
93%
Laos Vientiane
93%
Samoa Apia
80%
Suriname Paramaribo
80%
Tuvalu Funafuti
77%
Bhutan Thimphu
73%
Lesotho Maseru
63%
Equatorial Guinea Malabo
57%
No matching quizzes found
Score Distribution
Percent of People with Each Score
Percentile by Number Answered
Your Score History
You have not taken this quiz